Fire emblem Path of radiance : Les personnages jouables - Statistiques

Statistiques générales
  • Ce quiz a été pris 58 fois
  • Le résultat moyen est 38 sur 46
Statistiques - réponses
Hint Réponse % Correct
Rodeur Ike
100%
Epeiste Mia
97%
Chevalier pégase Marcia
95%
Clerc Mist
95%
Prêtre Rhys
95%
Mage Soren
95%
Paladin Titania
95%
Mage Ilyana
92%
Soldat Nephenie
92%
Archer d'élite Shinon
92%
Chevalier Gatorie
89%
Seigneur wyverne Haar
89%
Chevalier Wyverne Jill
89%
Tigre Mordecai
89%
Cavalier lancier Oscar
89%
Voleur Sothe
89%
Voleur Volke
89%
Cavalier archer Astrid
87%
Combattant Boyd
87%
Chevalier Brom
87%
Princesse Crimea Elincia
87%
Chat Lethe
87%
Archer Rolf
87%
Cavalier bretteur Makalov
84%
Corbeau Naesala
84%
Faucon Tibarn
84%
Mage Tormod
84%
Hallebardier Devdan
82%
Faucon Janaff
82%
Bretteur Lucia
82%
Héron Reyson
82%
Général Tauroneo
79%
Faucon Ulki
79%
Epéiste Zihark
79%
Sage Bastian
76%
Tigre Muarim
76%
Bretteur Stephan
76%
Paladin Geoffrey
74%
Cavalier Bipenne Kieran
74%
Chat Ranulf
74%
Chevalier pégase Tanith
71%
Lion Giffca
66%
Dragon Rouge Ina
66%
Dragon Blanc Nasir
63%
Sage Calill
61%
Berserker Largo
53%
Aucun quiz correspondant
Distribution des résultats
% des personnes avec chaque résultat
Percentile par nombre de réponses
Votre historique - résultats
Vous n’avez pas pris ce quiz